000
00327nam a2200145 4500
999
_c
10839
_d
10839
020
_a
817319727X
020
_a
978-8173197277
082
_a
658.477MAH
100
_a
Mahanti, N C
245
_a
Disaster Management
260
_a
New Delhi:
_b
Narosa,
_c
2006.
300
_a
187p. ;
650
_a
Disaster Management
942
_c
BK